000 00617nam a22001937a 4500
003 OSt
005 20250709082813.0
008 250709b |||||||| |||| 00| 0 eng d
020 _a9789719654681
040 _aDWCL - Main lib
_cOC
082 _aFil. 338.4 V433b 2017
100 _aVelasco, Evelyn O.
245 _aBasic understanding to hospitality and tourism marketing with IMC/
_cEvelyn O. Velasco
260 _aManila :
_b Unlimited Books,
_cc2017.
300 _a viii, 134 pages :
_b illustrations ;
_c23 cm.
700 _aDaryl A. Javier
700 _aEnrique S. Perez
942 _2ddc
_cBK - FIL
_kFil.
_n0
999 _c3546
_d3546